Krityasarasamuchaya/ (Record no. 24649)

000 -LEADER
fixed length control field 00333nam a22001331a 4500
082 ## - DEWEY DECIMAL CLASSIFICATION NUMBER
Classification number S 294.5
Item number AMR/K
100 ## - MAIN ENTRY--AUTHOR NAME
Personal name Amritnath Jha M M
245 ## - TITLE STATEMENT
Title Krityasarasamuchaya/
Statement of responsibility, etc by Amritnath Jha M M
260 ## - PUBLICATION, DISTRIBUTION, ETC. (IMPRINT)
Place of publication Varanasi:
Name of publisher Chaukambha Sanskrit Sanstan,
Year of publication 2000.
300 ## - PHYSICAL DESCRIPTION
Number of Pages 260p.
650 ## - SUBJECT ADDED ENTRY--TOPICAL TERM
Topical Term Hinduism
650 ## - SUBJECT ADDED ENTRY--TOPICAL TERM
Topical Term Religion
942 ## - ADDED ENTRY ELEMENTS (KOHA)
Koha item type Book
Holdings
Withdrawn status Lost status Damaged status Not for loan Permanent Location Current Location Date acquired Cost, normal purchase price Full call number Accession Number Cost, replacement price Price effective from Koha item type
        Sree Sankaracharya University of Sanskrit Sree Sankaracharya University of Sanskrit 08.01.2015 100.00 S 294.5 AMR/K 052725 0.00 08.01.2015 Book